000
00269nam a2200121 a 4500
001
4140
005
20140414131907.0
008
090218s19uu xx 00 eng d
050
_a
ER
_b
B64 1994
100
_a
Wheeler, Cindy
245
_a
Bookstore cat.
999
_c
111026
_d
111026